|
|
|
|
| LEADER |
00000nam a2200000Ii 4500 |
| 001 |
DIGUAOCCTE0006 |
| 003 |
NyNyDIG |
| 006 |
m o d |
| 007 |
cr ||||||||||| |
| 008 |
211105s2015 ck a ob 000 0 spa d |
| 035 |
|
|
|a (OCoLC)1287835614
|
| 040 |
|
|
|a DGITA
|b eng
|e rda
|e pn
|c DGITA
|
| 020 |
|
|
|z 9789588713892
|q impreso
|
| 041 |
0 |
|
|a spa
|b spa
|b eng
|
| 050 |
1 |
4 |
|a HD9502.5.B54 ebook
|
| 082 |
0 |
4 |
|a 338.476626
|
| 100 |
1 |
|
|a Lozano Moreno, Jairo Alexandera,
|e author.
|
| 245 |
1 |
0 |
|a Modelamiento logístico para la producción sostenible de biocombustibles /
|c Jairo Alexander Lozano Moreno.
|
| 250 |
|
|
|a Primera edición.
|
| 264 |
|
1 |
|a Santiago de Cali :
|b Universidad Autónoma de Occidente,
|c 2015.
|
| 300 |
|
|
|a 1 online resource :
|b illustrations.
|
| 336 |
|
|
|a text
|b txt
|2 rdacontent
|
| 337 |
|
|
|a computer
|b c
|2 rdamedia
|
| 338 |
|
|
|a online resource
|b cr
|2 rdacarrier
|
| 347 |
|
|
|a text file
|2 rdaft
|
| 347 |
|
|
|b PDF
|
| 504 |
|
|
|a Includes bibliographical references.
|
| 546 |
|
|
|a Text in Spanish with abstract in Spanish and English.
|
| 588 |
0 |
|
|a Online resource; title from PDF title page (Digitalia, viewed November 5, 2021)
|
| 650 |
|
0 |
|a Biomass energy.
|
| 650 |
|
0 |
|a Business logistics.
|
| 655 |
|
0 |
|a Electronic books.
|
| 791 |
2 |
|
|a Digitalia (Firm),
|e distributor.
|
| 793 |
0 |
|
|g Digitalia eBook Collection:
|a Universidad Autónoma de Occidente
|
| 776 |
0 |
8 |
|i Print version:
|a Lozano Moreno, Jairo Alexander.
|t Modelamiento logístico para la producción sostenible de biocombustibles.
|b Primera edición.
|d Santiago de Cali : Universidad Autónoma de Occidente, 2015
|z 9789588713892
|
| 856 |
4 |
0 |
|3 Digitalia Hispánica
|u https://www.digitaliapublishing.com/a/47633/
|
| 910 |
|
|
|a Premium collection: 2021
|